00714 a2200181 4500003000400000005001700004008004100021040000900062082001600071100002000087245005600107260004500163300000900208942003600217952013100253952013100384999001700515OSt20240110130845.0240110b |||||||| |||| 00| 0 eng d coclc a297bSN E/A aSnehajan910250 aArshabharatham sankalpavum yadarthyavum /cSnehajan aKozhikode:bDarsana publications,c2009. a116p 2ddccBKh297iSNE/Ak297mSNE/A 00102ddc40708ISLAMaMESbMEScISLd2024-01-10l0o297 SN E/Ap44629r2024-01-10 13:09:47t2v55.00w2024-01-10yBKzGL49R2 00102ddc40708ISLAMaMESbMEScISLd2024-01-10l0o297 SN E/Ap44628r2024-01-10 13:09:47t1v55.00w2024-01-10yBKzGL49R2 c43082d43082